Detergency: Theory and test methods.Pt 2 (Record no. 32056)

MARC details
000 -LEADER
fixed length control field 00319nam a2200121Ia 4500
082 ## - DEWEY DECIMAL CLASSIFICATION NUMBER
Classification number 661.185
Item number CUT.2;1
245 #0 - TITLE STATEMENT
Title Detergency: Theory and test methods.Pt 2
260 ## - PUBLICATION, DISTRIBUTION, ETC. (IMPRINT)
Place of publication New York
Name of publisher Marcel Dekker
Year of publication 1975
700 ## - ADDED ENTRY--PERSONAL NAME
Personal name Cutler, W G
700 ## - ADDED ENTRY--PERSONAL NAME
Personal name Davis, R C
942 ## - ADDED ENTRY ELEMENTS (KOHA)
Koha item type Books
Holdings
Withdrawn status Lost status Damaged status Not for loan Home library Current library Date acquired Cost, normal purchase price Full call number Accession Number Koha item type
        RRII Library RRII Library 16/12/2021 25.25 661.185 CUT.2;1 12582 Books